书目信息 |
| 题名: |
袖珍电子计算器的使用与检修
|
|
| 作者: | 康绍迪 编 | |
| 分册: | ||
| 出版信息: | 北京 中国农业机械出版社 1985 |
|
| 页数: | 138页 | |
| 开本: | 20cm | |
| 丛书名: | ||
| 单 册: | ||
| 中图分类: | TP323.07 , O1-8 | |
| 科图分类: | ||
| 主题词: | 袖珍式计算计算器 , 计算工具 | |
| 电子资源: | ||
| ISBN: | ||
| 000 | 00731nam0 2200265 45 | |
| 001 | 0185019804 | |
| 005 | 20060413101311.68 | |
| 010 | @dCNY0.95 | |
| 091 | @a15216.221 | |
| 100 | @a19900923d1985 em y0chiy0121 ea | |
| 101 | 0 | @achi |
| 102 | @aCN@b110000 | |
| 105 | @ay z 000yy | |
| 200 | 10 | @a袖珍电子计算器的使用与检修@Axiu zhen dian zi ji suan qi de shi yong yu jian xiu@f康绍迪编@Fkang shao di bian |
| 210 | @a北京@c中国农业机械出版社@d1985 | |
| 215 | @a138页@d20cm | |
| 606 | @a袖珍式计算计算器 | |
| 606 | 0 | @a计算工具 |
| 610 | 0 | @a计算器 |
| 690 | @aTP323.07@v3 | |
| 690 | @aO1-8 | |
| 701 | 0 | @a康绍迪@Akang shao di@4编 |
| 801 | 2 | @aCN@bNLC@c20060413 |
| 801 | 0 | @aCN@b深圳图书馆@c20040521 |
| 905 | @dO1-8@e137 | |
| 袖珍电子计算器的使用与检修/康绍迪编.-北京:中国农业机械出版社,1985 |
| 138页;20cm |
| ISBN :CNY0.95 |
| ● |
| 相关链接 |
|
|
|
|
正题名:袖珍电子计算器的使用与检修
索取号:O1-8/137
 
预约/预借
| 序号 | 登录号 | 条形码 | 馆藏地/架位号 | 状态 | 备注 |
| 1 | 0148661 | 001247886 | 第三借阅区/ [索取号:O1-8/137] | 在馆 | |
| 2 | 0148662 | 202251204 | 密集书库/ [索取号:O1-8/137] | 在馆 | |
| 3 | 0148663 | 001247957 | 第三借阅区/ [索取号:O1-8/137] | 在馆 | |
| 4 | 0148664 | 001247993 | 第三借阅区/ [索取号:O1-8/137] | 在馆 | |
| 5 | 0148665 | 202091226 | 第二样本阅览室/ [索取号:O1-8/137] | 在馆 |